Služobný poriadok pre zamestnancov Slovenskej pracujúcej pospolitosti a Sdružení

Bibliographic Details
Format: Book
Language:Slovak
PhysicalDescription:17 s. 8°
Published: [Bratislava] Slovenská pracujúca pospolitosť a Sdruženie [1943]
Subjects:

MARC

LEADER 00000nam a2200000 a 4500
001 vtls001373376
003 SK-MaSNL
005 20260302000552.0
008 240226q1943 xo f 000 0 slo
015 |a SNBA1957 
035 |a SNK000327241 
035 |a urn:nbn:sk:snk-am3hsc5 
035 |a 2AAB793E-D5A5-4601-B514-C924350562A9 
035 |a urn:nbn:sk:snk-am00d7jf 
040 |a SNK  |b slo  |c SNK  |e AACR2 
041 0 |a slo 
044 |a xo  |c SK 
080 |a 316.343-058.14  |2 2011 
080 |a (035)  |2 2011 
080 |a (094.58)  |2 2011 
245 0 0 |a Služobný poriadok pre zamestnancov Slovenskej pracujúcej pospolitosti a Sdružení 
260 |a [Bratislava]  |b Slovenská pracujúca pospolitosť a Sdruženie  |c [1943] 
300 |a 17 s.  |c 8° 
650 0 7 |a robotníci  |2 SNKPH  |9 4872 
655 7 |a príručky  |2 SNKPH  |9 74364 
655 7 |a smernice  |2 SNKPH  |9 26899 
958 |a TL 
958 |a RK 
958 |a ONDV 
999 |c 980139  |d 982069 
952 |a SNK  |b SNK  |y PREZ  |7 0  |p 17A0819643  |o snkSC 9644  |i snkKSF 1580/57  |8 5  |0 0  |1 0  |4 0  |d 2012-08-22  |f 1  |l 0  |r 2025-07-09 00:00:00  |w 2026-02-24 
952 |t P60, <04>, [BOOK], {604}  |a SNK  |b SNK  |y VYP  |7 0  |p 17A0211802  |o snkSC 9644 D1  |0 0  |1 0  |4 0  |d 1999-09-28  |l 0  |r 2005-01-02 00:00:00  |w 2026-02-24